000 02630cam a2200373Ma 4500
001 95786
005 20230410143533.0
008 070412s2004 enka b 001 0 eng d
010 _a 2004100250
035 _a(OCoLC)ocm56975153
040 _aDLC
_cDLC
_dRNL
_dUKM
_dSRB
_dBAKER
_dVP@
_dNLGGC
_dYDXCP
_dOCLCQ
_dBTCTA
_dXY4
_dIG#
_dAU@
_dGEBAY
_dZWZ
015 _aGBA458199
_2bnb
016 7 _a012967989
_2Uk
019 _a56646060
_a59266486
_a224181186
_a491927635
020 _a0500051305
020 _a9780500051306
035 _a(OCoLC)56975153
_z(OCoLC)56646060
_z(OCoLC)59266486
_z(OCoLC)224181186
_z(OCoLC)491927635
042 _apcc
050 1 4 _aT 16
_bS497 2004
082 0 0 _a609.3
049 _aGRAL
245 0 4 _aThe seventy great inventions of the ancient world /
_cedited by Brian M. Fagan.
246 3 _a70 great inventions of the ancient world
260 _aLondon :
_bThames & Hudson,
_c2004.
300 _a304 p. :
_bill. (chiefly col.) ;
_c27 cm.
504 _aIncludes bibliographical references (p. 291-296) and index.
520 _aStone choppers, eyed needles, camel saddles, chariots, and contraceptives: the past is paved with remarkable inventions. The latest book in this popular series takes us on an eye-opening and unusual journey through early human innovations--some fundamental and others intriguing or bizarre. An international team of scientists, archaeologists, and historians reveals seventy of the most extraordinary inventions, from two-and-a-half million years ago up to the early medieval period. The book begins with the basic technologies of stone, fire, woodworking, ceramics, metallurgy, glass, and weaving. We watch Stone Age flint-knappers at work and look over the shoulders of early metalworkers as they fabricate glittering ornaments in copper and gold. Some of the most fundamental questions of the past are addressed. How and where did agriculture evolve? How did Romans and others heat and plumb their dwellings? What roles did cooking, food preservation, and fermentation play in the development of ancient cuisine? How did the wheel and cart change human life? When did the first roads appear, and when did long-distance seafaring begin? Later sections look at the origins of hunting, war and sport, art and science, and personal adornment. Weapons of war evolved from spears, bows, and arrows to swords, shields, catapults, and crossbows.
650 0 _aInventions
_xHistory.
650 0 _aTechnology
_xHistory.
700 1 _aFagan, Brian M.
938 _aBaker & Taylor
_bBKTY
_c40.00
_d30.00
_i0500051305
_n0006009379
_sactive
942 _2lcc
_cbk
994 _aC0
_bDRFGD
999 _c103486
_d103486